[Event "17. Obert Int. Sant Marti 2015 - B"]
[Site "Barcelona ESP"]
[Date "2015.07.17"]
[Round "5.64"]
[White "Minko, Uliana"]
[Black "Porta Chicote, David"]
[Result "1-0"]
[WhiteElo "1270"]
[BlackElo "1753"]
[PlyCount "133"]
[EventDate "2015.07.13"]
[EventType "swiss"]
[EventRounds "9"]
[EventCountry "ESP"]
[SourceTitle "Ajedrez en Madrid"]
[Source "lmi"]
[SourceDate "2015.07.13"]
[SourceVersion "1"]
[SourceVersionDate "2019.06.21"]
[SourceQuality "1"]

1. c4 e5 2. Nc3 Nf6 3. g3 Bc5 4. Bg2 O-O 5. e3 Re8 6. Nge2 d6 7. d4 Bb6 8. a3
c6 9. b4 Bg4 10. O-O exd4 11. exd4 Bxe2 12. Nxe2 a5 13. Be3 axb4 14. axb4 Nbd7
15. Ra4 Qc7 16. c5 dxc5 17. dxc5 Ba7 18. Qa1 b6 19. Qa2 bxc5 20. Ra1 h6 21.
Rxa7 Rxa7 22. Qxa7 Qxa7 23. Rxa7 cxb4 24. Bxc6 Rd8 25. Nc1 Nb8 26. Bf3 Nbd7 27.
Bf4 Nc5 28. Ra1 Nd3 29. Nxd3 Rxd3 30. Bd1 Rd8 31. Rb1 Nd5 32. Be5 Rc8 33. Bf3
Rd8 34. Rb3 Re8 35. Bd6 Rd8 36. Bc5 Rc8 37. Bxb4 Nxb4 38. Rxb4 Rc1+ 39. Kg2 g6
40. Rb7 Rc5 41. Bd1 Kg7 42. Bb3 Rf5 43. g4 Rf4 44. h3 h5 45. Bd1 hxg4 46. hxg4
g5 47. f3 Rf6 48. Rb5 Kg6 49. Bc2+ Kh6 50. Rf5 Rxf5 51. Bxf5 f6 52. Kf2 Kg7 53.
Ke3 Kf7 54. Ke4 Ke7 55. Kd5 Kf7 56. Kd6 Kg7 57. Ke6 Kh6 58. Be4 Kg7 59. Bd5 Kg6
60. Ke7 Kg7 61. Bf7 Kh7 62. Kxf6 Kh6 63. Kf5 Kg7 64. Bh5 Kh6 65. Kf6 Kh7 66.
Kxg5 Kg7 67. f4 1-0

[Event "17. Obert Int. Sant Marti 2015 - B"]
[Site "Barcelona ESP"]
[Date "2015.07.17"]
[Round "5.65"]
[White "Grasa Solanas, Oscar"]
[Black "Blanes Gay, Sir Nil"]
[Result "1-0"]
[WhiteElo "1682"]
[BlackElo "1679"]
[PlyCount "85"]
[EventDate "2015.07.13"]
[EventType "swiss"]
[EventRounds "9"]
[EventCountry "ESP"]
[SourceTitle "Ajedrez en Madrid"]
[Source "lmi"]
[SourceDate "2015.07.13"]
[SourceVersion "1"]
[SourceVersionDate "2019.06.21"]
[SourceQuality "1"]

1. e4 e5 2. Nf3 Nc6 3. Bb5 Nf6 4. d3 d6 5. h3 Bd7 6. O-O g6 7. Nc3 a6 8. Ba4 b5
9. Bb3 Nd4 10. Nxd4 exd4 11. Ne2 c5 12. Re1 Qe7 13. Bg5 Bg7 14. Nf4 O-O 15. Nd5
Qd8 16. Qf3 Be6 17. Bxf6 Bxf6 18. Qxf6 Qxf6 19. Nxf6+ Kg7 20. Nd5 f5 21. exf5
Bxf5 22. Re7+ Kh8 23. g4 c4 24. dxc4 bxc4 25. Ba4 Bc8 26. Rae1 a5 27. Bb5 Rb8
28. a4 Bb7 29. Bxc4 Bxd5 30. Bxd5 Rxb2 31. Re8 Kg7 32. R1e7+ Kh6 33. Rxf8 Rxc2
34. Re1 d3 35. Rd1 d2 36. Kg2 Rc1 37. Rxd2 Kg5 38. Rd8 Ra1 39. Rd4 h5 40. gxh5
Kxh5 41. Rg4 g5 42. Rxd6 Re1 43. Bf7# 1-0

[Event "17. Obert Int. Sant Marti 2015 - B"]
[Site "Barcelona ESP"]
[Date "2015.07.17"]
[Round "5.66"]
[White "Pico Garcia, Antonio"]
[Black "Trabado Nieto, David"]
[Result "1-0"]
[WhiteElo "1821"]
[BlackElo "1722"]
[PlyCount "49"]
[EventDate "2015.07.13"]
[EventType "swiss"]
[EventRounds "9"]
[EventCountry "ESP"]
[SourceTitle "Ajedrez en Madrid"]
[Source "lmi"]
[SourceDate "2015.07.13"]
[SourceVersion "1"]
[SourceVersionDate "2019.06.21"]
[SourceQuality "1"]

1. e4 e5 2. Nf3 Nf6 3. Nxe5 Nc6 4. Nxc6 dxc6 5. d3 Ng4 6. Be2 Qh4 7. Bxg4 Bxg4
8. Qd2 a5 9. Nc3 Be7 10. Ne2 Bc5 11. Ng3 Qf6 12. O-O Bd6 13. Qe3 b6 14. d4 Bf4
15. Qxf4 Qxf4 16. Bxf4 Be6 17. Rfe1 Rd8 18. Rad1 O-O 19. Bxc7 Rd7 20. Bxb6 Bg4
21. Rd2 Rfd8 22. Bxd8 Rxd4 23. Rxd4 a4 24. Bc7 c5 25. Rd8# 1-0

[Event "17. Obert Int. Sant Marti 2015 - B"]
[Site "Barcelona ESP"]
[Date "2015.07.17"]
[Round "5.67"]
[White "Martimpé Burgués, Xavier"]
[Black "Borja Casas, Jordi"]
[Result "0-1"]
[WhiteElo "1611"]
[BlackElo "1764"]
[PlyCount "75"]
[EventDate "2015.07.13"]
[EventType "swiss"]
[EventRounds "9"]
[EventCountry "ESP"]
[SourceTitle "Ajedrez en Madrid"]
[Source "lmi"]
[SourceDate "2015.07.13"]
[SourceVersion "1"]
[SourceVersionDate "2019.06.21"]
[SourceQuality "1"]

1. e4 e5 2. Nf3 Nc6 3. Bb5 Nf6 4. Nc3 Bc5 5. Bxc6 bxc6 6. Nxe5 Bd4 7. Nd3 Bxc3
8. e5 Bxd2+ 9. Bxd2 Nd5 10. c4 Nb6 11. b3 O-O 12. O-O d5 13. exd6 cxd6 14. Qf3
d5 15. c5 Nd7 16. Bc3 Re8 17. b4 Qg5 18. Rfe1 Rxe1+ 19. Rxe1 Ba6 20. h3 Bxd3
21. Qxd3 Nf6 22. b5 cxb5 23. c6 Ne4 24. Ba5 Qf6 25. Qc2 Nd6 26. c7 Nc4 27. Rc1
Rc8 28. Bc3 Qd6 29. Re1 Qxc7 30. Ba5 Qxa5 31. Qe2 g6 32. Rd1 Rd8 33. Qe7 d4 34.
Rd3 Qb6 35. Rf3 Nd6 36. Rg3 Nf5 37. Qg5 Nxg3 38. Qxg3 0-1

[Event "17. Obert Int. Sant Marti 2015 - B"]
[Site "Barcelona ESP"]
[Date "2015.07.17"]
[Round "5.68"]
[White "Marcelo, Diego Luis"]
[Black "Castellvell Diez, Maria Nuria"]
[Result "1-0"]
[WhiteElo "1718"]
[BlackElo "1566"]
[PlyCount "53"]
[EventDate "2015.07.13"]
[EventType "swiss"]
[EventRounds "9"]
[EventCountry "ESP"]
[SourceTitle "Ajedrez en Madrid"]
[Source "lmi"]
[SourceDate "2015.07.13"]
[SourceVersion "1"]
[SourceVersionDate "2019.06.21"]
[SourceQuality "1"]

1. d4 d5 2. Nc3 c6 3. Bf4 Nd7 4. Nf3 g6 5. e3 Bg7 6. Bd3 Ngf6 7. O-O Rb8 8.
Bxb8 Nxb8 9. Qe2 O-O 10. h3 Nbd7 11. Rad1 Qc7 12. e4 e6 13. e5 Nh5 14. Rfe1 f6
15. g3 fxe5 16. Nxe5 Nb6 17. Nxg6 Rf6 18. Qxh5 h6 19. Ne2 e5 20. Nef4 Nc4 21.
dxe5 Rf7 22. e6 Rf6 23. e7 Be6 24. Nxe6 Ne3 25. e8=Q+ Kh7 26. Nxc7 Rxf2 27.
Nf4+ 1-0

[Event "17. Obert Int. Sant Marti 2015 - B"]
[Site "Barcelona ESP"]
[Date "2015.07.18"]
[Round "6.1"]
[White "Walter Travella, German"]
[Black "Madrid Sole, Antonio"]
[Result "1-0"]
[WhiteElo "2028"]
[BlackElo "2031"]
[PlyCount "97"]
[EventDate "2015.07.13"]
[EventType "swiss"]
[EventRounds "9"]
[EventCountry "ESP"]
[SourceTitle "Ajedrez en Madrid"]
[Source "lmi"]
[SourceDate "2015.07.13"]
[SourceVersion "1"]
[SourceVersionDate "2019.06.21"]
[SourceQuality "1"]

1. f4 d5 2. Nf3 Nf6 3. e3 g6 4. Be2 Bg7 5. O-O O-O 6. d3 c5 7. Qe1 Nc6 8. Bd1
Qc7 9. e4 dxe4 10. dxe4 e5 11. fxe5 Nxe5 12. Qh4 Nxf3+ 13. Bxf3 Be6 14. Bh6
Rad8 15. Bxg7 Kxg7 16. Nc3 Rd2 17. Qg5 Rdd8 18. e5 Nd5 19. Bxd5 Bxd5 20. Qf6+
Kg8 21. Rad1 Bc4 22. Rxd8 Qxd8 23. Rd1 Qxf6 24. exf6 Be6 25. Ne4 b6 26. Ng5 Bg4
27. Re1 h6 28. h3 Bf5 29. Nf3 Bxc2 30. Re7 b5 31. Rxa7 Re8 32. Re7 Rf8 33. Rc7
c4 34. Nd4 Bb1 35. a3 Rb8 36. Nc6 Rb6 37. Ne7+ Kh7 38. Nd5 Rd6 39. Rxf7+ Kh8
40. Rf8+ Kh7 41. Nc7 Be4 42. Ne8 Rd1+ 43. Kf2 Bd5 44. Ke2 Rg1 45. f7 Rxg2+ 46.
Kf1 Bxf7 47. Rxf7+ Kg8 48. Rg7+ Kf8 49. Kxg2 1-0

[Event "17. Obert Int. Sant Marti 2015 - B"]
[Site "Barcelona ESP"]
[Date "2015.07.18"]
[Round "6.2"]
[White "Chakrabarti, Tamal"]
[Black "Riu Lopez, Sergi"]
[Result "0-1"]
[WhiteElo "2009"]
[BlackElo "2018"]
[PlyCount "168"]
[EventDate "2015.07.13"]
[EventType "swiss"]
[EventRounds "9"]
[EventCountry "ESP"]
[SourceTitle "Ajedrez en Madrid"]
[Source "lmi"]
[SourceDate "2015.07.13"]
[SourceVersion "1"]
[SourceVersionDate "2019.06.21"]
[SourceQuality "1"]

1. e4 e5 2. Nf3 Nc6 3. Bc4 Bc5 4. c3 Nf6 5. d3 d6 6. Bb3 O-O 7. Bg5 h6 8. Bh4
Be6 9. Bc2 Qe7 10. Nbd2 Rfe8 11. h3 a5 12. Ba4 Rab8 13. Bb5 Rec8 14. a4 Na7 15.
Bc4 Bxc4 16. dxc4 Nc6 17. Qe2 Qe6 18. g4 Kf8 19. Nf1 Ne7 20. N3d2 Ng6 21. Bg3
c6 22. Nb3 Bb6 23. Nfd2 d5 24. c5 Bc7 25. f3 dxe4 26. fxe4 Re8 27. Qf3 b5 28.
Qf5 Nf4 29. Qxe6 Nxe6 30. O-O-O bxa4 31. Na1 Nxc5 32. Kc2 Nfxe4 33. Rhg1 Nxd2
34. Rxd2 Ne4 35. Rd7 Re7 36. Rxc7 Rxc7 37. Bxe5 Rcb7 38. Bxb8 Rxb8 39. Kc1 Nf2
40. Rg3 Rd8 41. Kc2 Rd1 42. Rf3 Rxa1 43. Rxf2 a3 44. Rf5 Ke7 45. bxa3 Rxa3 46.
Kb2 Ra4 47. Kb3 Ra1 48. Kb2 g6 49. Rf3 Re1 50. Kb3 Re5 51. Kc4 Ke6 52. Kd4 a4
53. c4 Ra5 54. Ra3 c5+ 55. Ke4 Ra8 56. h4 f5+ 57. gxf5+ gxf5+ 58. Kf4 Kf6 59.
h5 Ra7 60. Rg3 Rg7 61. Rd3 Rg4+ 62. Kf3 Rxc4 63. Rd6+ Kg5 64. Ra6 Kxh5 65. Kg3
Rc3+ 66. Kf4 a3 67. Kxf5 c4 68. Ke4 Rd3 69. Ra4 Rg3 70. Kd4 Kh4 71. Kd5 Rg5+
72. Ke4 Rc5 73. Kd4 Rc8 74. Kc3 Kg4 75. Rxa3 h5 76. Ra7 h4 77. Rg7+ Kh3 78. Rh7
Kg3 79. Rg7+ Kh2 80. Rh7 h3 81. Rh6 Rg8 82. Kxc4 Kg2 83. Ra6 h2 84. Ra2+ Kh3
0-1

[Event "17. Obert Int. Sant Marti 2015 - B"]
[Site "Barcelona ESP"]
[Date "2015.07.18"]
[Round "6.3"]
[White "Ros Montes, Daniel"]
[Black "Ayza Casamitjana, Antoni"]
[Result "1-0"]
[WhiteElo "2039"]
[BlackElo "1945"]
[PlyCount "85"]
[EventDate "2015.07.13"]
[EventType "swiss"]
[EventRounds "9"]
[EventCountry "ESP"]
[SourceTitle "Ajedrez en Madrid"]
[Source "lmi"]
[SourceDate "2015.07.13"]
[SourceVersion "1"]
[SourceVersionDate "2019.06.21"]
[SourceQuality "1"]

1. c4 e5 2. g3 Nf6 3. Bg2 c6 4. d4 exd4 5. Qxd4 d5 6. Bg5 Be7 7. Nc3 c5 8. Qd3
d4 9. Ne4 O-O 10. Bxf6 Bxf6 11. Nxf6+ Qxf6 12. Be4 g6 13. Nf3 Nc6 14. a3 Re8
15. O-O Rb8 16. Rfe1 Ne5 17. Nxe5 Rxe5 18. e3 Bf5 19. exd4 cxd4 20. Qxd4 Rd8
21. Qc3 Rde8 22. Bxf5 Qxf5 23. Rxe5 Rxe5 24. Rd1 Re8 25. Qd3 Qf6 26. b4 h5 27.
Kg2 h4 28. Qd4 h3+ 29. Kxh3 Qf5+ 30. Kg2 Re2 31. Qf4 Qxf4 32. gxf4 Re4 33. c5
a5 34. Rb1 Rxf4 35. bxa5 Ra4 36. Rxb7 Rxa5 37. c6 Kg7 38. c7 Rc5 39. a4 Kf6 40.
a5 Ke6 41. a6 Kd7 42. a7 Ra5 43. Rb8 1-0

[Event "17. Obert Int. Sant Marti 2015 - B"]
[Site "Barcelona ESP"]
[Date "2015.07.18"]
[Round "6.4"]
[White "Willen, Ronny"]
[Black "Fleming, Andrew S J"]
[Result "1/2-1/2"]
[WhiteElo "1950"]
[BlackElo "2012"]
[PlyCount "83"]
[EventDate "2015.07.13"]
[EventType "swiss"]
[EventRounds "9"]
[EventCountry "ESP"]
[SourceTitle "Ajedrez en Madrid"]
[Source "lmi"]
[SourceDate "2015.07.13"]
[SourceVersion "1"]
[SourceVersionDate "2019.06.21"]
[SourceQuality "1"]

1. e4 e6 2. d4 d5 3. Nc3 Bb4 4. exd5 exd5 5. Bd3 Nf6 6. Nge2 c6 7. O-O O-O 8.
Bg5 h6 9. Bh4 Be7 10. Re1 Re8 11. Bg3 Nbd7 12. f3 Nh5 13. Bf2 Bd6 14. Qd2 Qc7
15. g3 Nf8 16. Kg2 Bd7 17. Be3 Re7 18. g4 Rae8 19. Bxh6 gxh6 20. gxh5 Bf4 21.
Nxf4 Rxe1 22. Rxe1 Rxe1 23. Qxe1 Qxf4 24. Qg3+ Qg5 25. f4 Qxg3+ 26. Kxg3 f5 27.
Nd1 Kf7 28. Ne3 Kf6 29. c3 Be6 30. b4 b5 31. Bc2 Nd7 32. Nf1 Bf7 33. Kh4 Nf8
34. Ne3 Be6 35. Bd1 Nd7 36. Kg3 Nb6 37. Bb3 Bf7 38. Kh4 Nc8 39. Bc2 Nd6 40. Bd3
Be6 41. Kg3 Bf7 42. Kh4 1/2-1/2

[Event "17. Obert Int. Sant Marti 2015 - B"]
[Site "Barcelona ESP"]
[Date "2015.07.18"]
[Round "6.5"]
[White "Raisin, Maxime"]
[Black "Riera Danes, Manel"]
[Result "0-1"]
[WhiteElo "1777"]
[BlackElo "1996"]
[PlyCount "66"]
[EventDate "2015.07.13"]
[EventType "swiss"]
[EventRounds "9"]
[EventCountry "ESP"]
[SourceTitle "Ajedrez en Madrid"]
[Source "lmi"]
[SourceDate "2015.07.13"]
[SourceVersion "1"]
[SourceVersionDate "2019.06.21"]
[SourceQuality "1"]

1. e4 c5 2. Nc3 Nc6 3. f4 g6 4. Nf3 Bg7 5. Bc4 e6 6. d3 Nge7 7. O-O O-O 8. Qe1
d5 9. Bb5 Nd4 10. Nxd4 cxd4 11. Ne2 Qb6 12. Ba4 dxe4 13. a3 Qa6 14. Qb4 Nd5 15.
Qc4 Qxc4 16. dxc4 Nb6 17. Bb3 d3 18. cxd3 exd3 19. Ng3 Nd7 20. Rb1 Bd4+ 21. Kh1
Nc5 22. Ba2 a5 23. Bd2 Bd7 24. b4 axb4 25. Bxb4 Bc6 26. Rfd1 Rfd8 27. Bb3 Nxb3
28. Rxb3 Ba4 29. Rbxd3 Bxd1 30. Rxd1 Bb2 31. Rxd8+ Rxd8 32. Kg1 f5 33. Kf2 Ra8
0-1

[Event "17. Obert Int. Sant Marti 2015 - B"]
[Site "Barcelona ESP"]
[Date "2015.07.18"]
[Round "6.6"]
[White "Moysen Cortes, Jessica"]
[Black "Ferres Saez, Joan"]
[Result "1-0"]
[WhiteElo "1961"]
[BlackElo "1901"]
[PlyCount "123"]
[EventDate "2015.07.13"]
[EventType "swiss"]
[EventRounds "9"]
[EventCountry "ESP"]
[SourceTitle "Ajedrez en Madrid"]
[Source "lmi"]
[SourceDate "2015.07.13"]
[SourceVersion "1"]
[SourceVersionDate "2019.06.21"]
[SourceQuality "1"]

1. e4 c5 2. Nf3 g6 3. d4 cxd4 4. Nxd4 Nc6 5. c3 Bg7 6. f4 Nf6 7. e5 Ne4 8. Bd3
d5 9. Nxc6 bxc6 10. Bxe4 dxe4 11. Qxd8+ Kxd8 12. O-O f5 13. Na3 Ba6 14. Rd1+
Kc7 15. Be3 Bd3 16. Rd2 Rhb8 17. Rad1 g5 18. fxg5 Bxe5 19. Nc4 Bd6 20. Nxd6
exd6 21. Rf2 Rb5 22. Rdd2 a6 23. g3 Rd8 24. Rf4 Rf8 25. Rdf2 Kd7 26. Rh4 Rf7
27. g4 Bc4 28. gxf5 Rbxf5 29. Rxe4 Bxa2 30. Ra4 Bd5 31. Rxa6 Rxf2 32. Bxf2 Rf4
33. h3 Ke6 34. Ra7 Be4 35. Ra1 Kf5 36. Rd1 d5 37. Be3 Rf3 38. Rf1 Rxf1+ 39.
Kxf1 Ke6 40. Kf2 Kf5 41. Kg3 Ke5 42. h4 Kd6 43. Kf4 c5 44. c4 Bg6 45. cxd5 Kxd5
46. Kg4 c4 47. Kf4 Ke6 48. Bd4 Kd5 49. Ke3 Bh5 50. Bc3 Bg4 51. Kf4 Bh5 52. Kf5
Bg6+ 53. Kf6 Ke4 54. Kg7 Kf5 55. Kh6 Kg4 56. Be1 Bd3 57. h5 Kf5 58. Bd2 Ke6 59.
Kg7 Be4 60. g6 hxg6 61. h6 g5 62. Bxg5 1-0

[Event "17. Obert Int. Sant Marti 2015 - B"]
[Site "Barcelona ESP"]
[Date "2015.07.18"]
[Round "6.7"]
[White "Humanes Bespin, Ivan"]
[Black "Collell Rodriguez, Victor"]
[Result "1/2-1/2"]
[WhiteElo "2049"]
[BlackElo "1987"]
[PlyCount "25"]
[EventDate "2015.07.13"]
[EventType "swiss"]
[EventRounds "9"]
[EventCountry "ESP"]
[SourceTitle "Ajedrez en Madrid"]
[Source "lmi"]
[SourceDate "2015.07.13"]
[SourceVersion "1"]
[SourceVersionDate "2019.06.21"]
[SourceQuality "1"]

1. e4 e5 2. Nf3 Nc6 3. Bb5 f5 4. d3 fxe4 5. dxe4 Nf6 6. Nc3 Bb4 7. O-O Bxc3 8.
bxc3 d6 9. Re1 O-O 10. Bc4+ Kh8 11. h3 Qe8 12. Nh4 Nh5 13. g4 1/2-1/2

[Event "17. Obert Int. Sant Marti 2015 - B"]
[Site "Barcelona ESP"]
[Date "2015.07.18"]
[Round "6.8"]
[White "Garcia Ruiz, Adrian"]
[Black "Vargas Drechsler, Carlos"]
[Result "1-0"]
[WhiteElo "2044"]
[BlackElo "1973"]
[PlyCount "59"]
[EventDate "2015.07.13"]
[EventType "swiss"]
[EventRounds "9"]
[EventCountry "ESP"]
[SourceTitle "Ajedrez en Madrid"]
[Source "lmi"]
[SourceDate "2015.07.13"]
[SourceVersion "1"]
[SourceVersionDate "2019.06.21"]
[SourceQuality "1"]

1. e4 e5 2. Nf3 Nc6 3. Bb5 a6 4. Ba4 Nf6 5. O-O Nxe4 6. d4 b5 7. Bb3 d5 8. dxe5
Be6 9. Nbd2 Nc5 10. c3 Nxb3 11. Nxb3 Be7 12. Nbd4 Nxd4 13. cxd4 O-O 14. h3 f6
15. exf6 Bxf6 16. Re1 Qd7 17. Bf4 c5 18. dxc5 Bxb2 19. Bd6 Bxa1 20. Qxa1 Rxf3
21. gxf3 Re8 22. Kh2 Qf7 23. f4 Qf5 24. Re3 Qc2 25. Rg3 d4 26. Qxd4 g6 27. Qf6
Bd5 28. Qd4 Qxa2 29. Be5 Qb1 30. Qxd5+ 1-0

[Event "17. Obert Int. Sant Marti 2015 - B"]
[Site "Barcelona ESP"]
[Date "2015.07.18"]
[Round "6.9"]
[White "Sobrevia Castellar, Lluis"]
[Black "De La Fuente  Clemente, Constantino"]
[Result "1-0"]
[WhiteElo "1999"]
[BlackElo "2043"]
[PlyCount "45"]
[EventDate "2015.07.13"]
[EventType "swiss"]
[EventRounds "9"]
[EventCountry "ESP"]
[SourceTitle "Ajedrez en Madrid"]
[Source "lmi"]
[SourceDate "2015.07.13"]
[SourceVersion "1"]
[SourceVersionDate "2019.06.21"]
[SourceQuality "1"]

1. c4 Nf6 2. Nc3 e5 3. e4 Bb4 4. Nge2 c6 5. a3 Ba5 6. b4 Bb6 7. c5 Bc7 8. d4
exd4 9. Qxd4 Qe7 10. Bf4 Na6 11. Bd6 Bxd6 12. cxd6 Qd8 13. e5 Ng8 14. Ng3 Qg5
15. Nce4 Qg4 16. h3 Qe6 17. Bc4 Qg6 18. O-O Nh6 19. f4 Nf5 20. Nxf5 Qxf5 21.
Ng5 f6 22. exf6 gxf6 23. Qe3+ 1-0

[Event "17. Obert Int. Sant Marti 2015 - B"]
[Site "Barcelona ESP"]
[Date "2015.07.18"]
[Round "6.10"]
[White "Volart Buil, Jordi"]
[Black "Nadal Fajardo, Ricard"]
[Result "0-1"]
[WhiteElo "1946"]
[BlackElo "2037"]
[PlyCount "51"]
[EventDate "2015.07.13"]
[EventType "swiss"]
[EventRounds "9"]
[EventCountry "ESP"]
[SourceTitle "Ajedrez en Madrid"]
[Source "lmi"]
[SourceDate "2015.07.13"]
[SourceVersion "1"]
[SourceVersionDate "2019.06.21"]
[SourceQuality "1"]

1. d4 Nf6 2. c4 c6 3. Nc3 d5 4. cxd5 cxd5 5. f3 Nc6 6. Be3 e6 7. Bf2 Be7 8. e4
O-O 9. e5 Nd7 10. Bd3 f6 11. f4 fxe5 12. fxe5 g6 13. Nf3 Rf7 14. O-O b6 15. Bb5
Bb7 16. Rc1 Rc8 17. b4 Nf8 18. Qa4 Nb8 19. Ne2 a6 20. Bd3 Rxc1 21. Nxc1 Bc6 22.
Qc2 b5 23. Nb3 Bxb4 24. Bh4 Qd7 25. Nc5 Bxc5 26. Qxc5 0-1

[Event "17. Obert Int. Sant Marti 2015 - B"]
[Site "Barcelona ESP"]
[Date "2015.07.18"]
[Round "6.11"]
[White "Pascual Gonzalez-Novelles, Carles"]
[Black "Pla Carulla, Joaquim"]
[Result "0-1"]
[WhiteElo "1931"]
[BlackElo "2034"]
[PlyCount "48"]
[EventDate "2015.07.13"]
[EventType "swiss"]
[EventRounds "9"]
[EventCountry "ESP"]
[SourceTitle "Ajedrez en Madrid"]
[Source "lmi"]
[SourceDate "2015.07.13"]
[SourceVersion "1"]
[SourceVersionDate "2019.06.21"]
[SourceQuality "1"]

1. e4 d5 2. exd5 Nf6 3. Nf3 Qxd5 4. Nc3 Qa5 5. d4 Bg4 6. Be2 Nc6 7. Bd2 e6 8.
h3 Qh5 9. Nb5 O-O-O 10. c3 a6 11. a4 e5 12. dxe5 Ne4 13. Nbd4 Nxe5 14. Nxe5
Bxe2 15. Qxe2 Qxe5 16. Be3 f5 17. O-O Bd6 18. Nf3 Qe7 19. Qc2 g5 20. Bd4 Rhg8
21. Rae1 g4 22. hxg4 Rxg4 23. g3 h5 24. Nh4 Qxh4 0-1

[Event "17. Obert Int. Sant Marti 2015 - B"]
[Site "Barcelona ESP"]
[Date "2015.07.18"]
[Round "6.12"]
[White "Molina Hernandez, Albert"]
[Black "Escofet Llongueras, Joan"]
[Result "1-0"]
[WhiteElo "2033"]
[BlackElo "1921"]
[PlyCount "79"]
[EventDate "2015.07.13"]
[EventType "swiss"]
[EventRounds "9"]
[EventCountry "ESP"]
[SourceTitle "Ajedrez en Madrid"]
[Source "lmi"]
[SourceDate "2015.07.13"]
[SourceVersion "1"]
[SourceVersionDate "2019.06.21"]
[SourceQuality "1"]

1. d4 Nf6 2. Nf3 g6 3. c4 c5 4. Nc3 cxd4 5. Nxd4 Nc6 6. e4 Bg7 7. Nc2 O-O 8.
Be2 d6 9. O-O b6 10. Be3 Bb7 11. f4 Rc8 12. Qd3 Na5 13. b3 Nd7 14. Rac1 Nc5 15.
Bxc5 dxc5 16. Qe3 Qc7 17. Nd5 Bxd5 18. cxd5 Nb7 19. Ba6 Rcd8 20. Bxb7 Qxb7 21.
Qf3 Qa6 22. e5 Qxa2 23. Qd3 b5 24. Ra1 c4 25. Rxa2 cxd3 26. Nb4 Rd7 27. Rd1 f6
28. e6 Rc7 29. Nc6 f5 30. Rxd3 Ra8 31. b4 Bf6 32. Rda3 h6 33. Kf2 g5 34. Kf3
Kg7 35. fxg5 hxg5 36. Ke3 Kg6 37. Kd3 g4 38. Rxa7 Rcxa7 39. Rxa7 Rh8 40. Nxe7+
1-0

[Event "17. Obert Int. Sant Marti 2015 - B"]
[Site "Barcelona ESP"]
[Date "2015.07.18"]
[Round "6.13"]
[White "Gonzalez Martin, Fernando"]
[Black "Poyato Ruiz, Fernando"]
[Result "1/2-1/2"]
[WhiteElo "1921"]
[BlackElo "2024"]
[PlyCount "49"]
[EventDate "2015.07.13"]
[EventType "swiss"]
[EventRounds "9"]
[EventCountry "ESP"]
[SourceTitle "Ajedrez en Madrid"]
[Source "lmi"]
[SourceDate "2015.07.13"]
[SourceVersion "1"]
[SourceVersionDate "2019.06.21"]
[SourceQuality "1"]

1. d4 e6 2. Nf3 Nf6 3. g3 d5 4. Bg2 c5 5. O-O Nc6 6. c4 cxd4 7. Nxd4 Bc5 8. Nb3
Be7 9. cxd5 Nxd5 10. Nc3 Nxc3 11. Qxd8+ Bxd8 12. bxc3 Bf6 13. Bxc6+ bxc6 14.
Nd4 Ba6 15. Ba3 Bxd4 16. cxd4 Bxe2 17. Rfe1 Bb5 18. Bc5 Kd7 19. f4 a6 20. a4
Bc4 21. Rab1 Rab8 22. Ba7 Rxb1 23. Rxb1 Rc8 24. Kf2 h5 25. h4 1/2-1/2

[Event "17. Obert Int. Sant Marti 2015 - B"]
[Site "Barcelona ESP"]
[Date "2015.07.18"]
[Round "6.14"]
[White "Gonzalez Alonso, Marti"]
[Black "Garcia Clemente, Julian Francisco"]
[Result "0-1"]
[WhiteElo "1949"]
[BlackElo "2031"]
[PlyCount "60"]
[EventDate "2015.07.13"]
[EventType "swiss"]
[EventRounds "9"]
[EventCountry "ESP"]
[SourceTitle "Ajedrez en Madrid"]
[Source "lmi"]
[SourceDate "2015.07.13"]
[SourceVersion "1"]
[SourceVersionDate "2019.06.21"]
[SourceQuality "1"]

1. e4 c5 2. Nf3 Nc6 3. d4 cxd4 4. Nxd4 g6 5. Nc3 Bg7 6. Be3 Nf6 7. Be2 O-O 8.
O-O d5 9. exd5 Nxd5 10. Nxc6 bxc6 11. Nxd5 cxd5 12. Rb1 Qa5 13. Bf3 e6 14. a3
Ba6 15. Be2 Bxe2 16. Qxe2 Rab8 17. c3 Rb3 18. Bf4 Rc8 19. Be5 Bxe5 20. Qxe5 Qb5
21. Rfe1 Rb8 22. Re2 Rxa3 23. c4 dxc4 24. Qd6 Rd3 25. Qf4 c3 26. h3 Rbd8 27.
Kh2 R3d4 28. Qf6 Qxe2 29. bxc3 R4d5 30. g3 Rd2 0-1

[Event "17. Obert Int. Sant Marti 2015 - B"]
[Site "Barcelona ESP"]
[Date "2015.07.18"]
[Round "6.15"]
[White "Salazar Navas, Josep"]
[Black "Cespedes Llaverias, Llibert"]
[Result "0-1"]
[WhiteElo "2024"]
[BlackElo "1940"]
[PlyCount "66"]
[EventDate "2015.07.13"]
[EventType "swiss"]
[EventRounds "9"]
[EventCountry "ESP"]
[SourceTitle "Ajedrez en Madrid"]
[Source "lmi"]
[SourceDate "2015.07.13"]
[SourceVersion "1"]
[SourceVersionDate "2019.06.21"]
[SourceQuality "1"]

1. e4 Nf6 2. e5 Nd5 3. Nc3 Nxc3 4. bxc3 d5 5. Ba3 b6 6. d4 Ba6 7. Bd3 Bxd3 8.
cxd3 Nd7 9. f4 e6 10. Bxf8 Nxf8 11. Nf3 Ng6 12. O-O Nxf4 13. Qd2 Ng6 14. Ng5
O-O 15. Rf2 h6 16. Nh3 c5 17. dxc5 Nxe5 18. Re1 Ng6 19. cxb6 Qxb6 20. d4 Rac8
21. Nf4 Nxf4 22. Rxf4 Qa5 23. Re3 Rc4 24. Rg3 Rb8 25. Rf1 Kf8 26. Rxf7+ Kxf7
27. Qf4+ Kg8 28. Qxb8+ Kh7 29. Qe8 Qc7 30. Qxe6 Rxc3 31. Rxc3 Qxc3 32. Qf5+ Kh8
33. Qxd5 Qe1# 0-1